000 00615nam a2200217Ii 4500
001 13988
003 CO-ViMGA
008 241108s9999||||xx |||||||||||||| ||und||
020 _a9781403146656
040 _aCO-ViMGA
_bspa
_erda
_cCO-ViMGA
041 0 _aspa
082 0 4 _a131.35 H81cr
100 1 _aL. Ronald Hubbard
_949428
245 1 0 _aLa creación de la habilidad humana
264 1 _aEstados Unidos : Bridge, 2007
300 _avolumen
336 _atext
_btxt
_2rdacontent
337 _aunmediated
_bn
_2rdamedia
338 _avolume
_bnc
_2rdacarrier
940 _aidficha_siabuc: 13686. -- ficha_no_siabuc:13988
999 _c44094
_d44094